Tilastot visalle Afrikan 15 suurinta kaupunkia kartalla

Klikkaa tästä pelataksesi tätä visaa!

Yleistilastot

  • Tätä visaa on pelattu 251 kertaa
  • Keskiarvotulos 10 / 15

Vastaukset kartalla

Vastauksille on annettu kartalla punavihreä väri sen mukaan, kuinka moni on saanut sen oikein.
Ladataan ...
 

Vastaustilastot

VäkilukuKaupunki% Oikein
21,0 milKairo
98%
13,9 milJohannesburg
86%
5,90 milNairobi
84%
4,23 milKapkaupunki
84%
3,98 milAlger
81%
19,4 milLagos
71%
12,4 milKinshasa
64%
4,48 milCasablanca
61%
6,30 milKhartum
60%
8,15 milLuanda
58%
5,80 milAleksandria
56%
6,45 milDar es Salaam
54%
5,10 milAccra
54%
5,60 milAbidjan
37%
4,70 milKano
31%

Tulosjakauma

Persentiili vastausten määrän mukaan

Jokaisen tuloksen saaneiden osuus

Tuloshistoriasi

Et ole pelannut tätä visaa